Veřejné finance v teorii a praxi. 13
Pokračovanie kapitoly 24 - Dane z majetku a z bohatstva. Kapitola 25 - Zdanenie v prípade úmrtia. Kapitola 26 - Daň zo mzdových prostriedkov.
Salvato in:
| Autore principale: | |
|---|---|
| Altri autori: | |
| Natura: | Capitolo di libro |
| Lingua: | ceco |
| Soggetti: | |
| Tags: |
Nessun Tag, puoi essere il primo ad aggiungerne!!
|
MARC
| LEADER | 00000naa a2200000 4500 | ||
|---|---|---|---|
| 001 | r017850 | ||
| 005 | 20221213082159.7 | ||
| 041 | 0 | |a cze | |
| 044 | |a CZ | ||
| 245 | 1 | 0 | |a Veřejné finance v teorii a praxi. 13 |c R.A. Musgrave, P.B. Musgraveová |
| 520 | |a Pokračovanie kapitoly 24 - Dane z majetku a z bohatstva. Kapitola 25 - Zdanenie v prípade úmrtia. Kapitola 26 - Daň zo mzdových prostriedkov. | ||
| 610 | 2 | 0 | |a financie verejné |
| 610 | 2 | 0 | |a dane majetkové |
| 610 | 2 | 0 | |a dane z dedičstva |
| 610 | 2 | 0 | |a dane zo mzdy |
| 100 | 1 | |a Musgrave, R.A. | |
| 700 | 1 | |a Musgraveová, P.B. | |